| 000 | 01111nabaa22001937a 4500 | ||
|---|---|---|---|
| 999 |
_c6103 _d6103 |
||
| 003 | OSt | ||
| 005 | 20260122083623.0 | ||
| 008 | 190701b xxu||||| |||| 00| 0 spa d | ||
| 040 | _cPJ | ||
| 100 |
_96871 _aMeneses, Erick Cuba |
||
| 245 | 1 | 0 |
_aNotas sobre la responsabilidad patrimonial de la administración : _bla falta de servicio como factor de atribución objetivo / _cErick Cuba Meneses. |
| 300 | _ap. 28-41 | ||
| 505 | _aSumario: I. Introducción.— II. Los primeros caminos de la responsabilidad de la Administración: la derrota del Estado irresponsable.—III. La falta de servicio es un factor de atribución objetivo.— IV. La responsabilidad patrimonial de la Administración y la responsabilidad civil.— V. Conclusiones.— VI. Bibliografía. | ||
| 505 | _t¿Te interesa el texto completo? Comunicate al correo: koha@justierradelfuego.gov.ar | ||
| 650 | 0 |
_9211 _aDERECHO ADMINISTRATIVO |
|
| 650 | 0 |
_91215 _aRESPONSABILIDAD DEL ESTADO |
|
| 773 | 0 |
_02842 _93251 _dBuenos Aires : AbeledoPerrot, 2012- _oDA121 _tDerecho administrativo. Nº 145 enero/febrero 2023 _z18510590 |
|
| 942 |
_2udc _cANA |
||